000 00338nam a22001217a 4500
008 170204b xxu||||| |||| 00| 0 eng d
041 _aeng
080 _a61
100 _a3
101 _aSHM
245 _aIMPACT OF ALTERNATIVE METHODS OF ACCOUNTING FOR OPERATING ROOM MEDICAL SUPPLIES ON MEDICA REIMBURSMENT
_cWARD, TH.R
942 _2udc
_cBK
999 _c4563
_d4563